000
00379nam a2200181Ia 4500
003
0100
008
130303s9999 xx 000 0 und d
040
_c
ARRUPELIB
050
_a
BT165.K31978
100
_a
Kelsey, Morton
245
_a
Dreams
245
_b
A Way to listen to God
260
_a
NY
260
_b
Paulist PR
260
_C
1978
300
_a
104p
942
0
0
_0
1
999
_c
27338
_d
27338